000 01340cam a22003015a 4500
001 L159551
008 130129s2017 xxk f 000 0 eng d
020 _a9781848064690
035 _a(Sirsi) u159551
041 0 _aeng
050 0 4 _a693.82 $2 18
100 1 _aLennon, Tom
245 0 0 _aInstalling fire protection to structural steelwork
260 _aWatford
_bBRE
_c2017
300 _a7p.
_bill.
_c30cm.
490 0 _aBRE Good Building Guide
_v(GG 85)
520 _aDiscusses the importance of correctly installing passive and reactive fire protection to structural steelwork to ensure the anticipated performance can be realised in the event of a fire. It identifies key issues for the guidance of specifiers, manufacturers, contractors and approval authorities and includes useful references to more comprehensive guidance documents. The guide highlights the importance of adequate testing, product quality, installation, maintenance and the critical role of third-party certification schemes.
521 _aAdvanced
590 _aKA
650 2 4 _aFIRE PROTECTION
650 2 4 _aSTRUCTURAL STEEL
651 4 _aENGLAND AND WALES
690 _aMANAGEMENT-HEALTH AND SAFETY-FIRE SAFETY-FIRE SAFETY ENGINEERING
690 _aHealth and safety
_96244
700 1 _aStewart, Ian
700 _aRussell, Andy
942 _n0
999 _c115991
_d115991